| 000 | 01115cam a2200313 i 4500 | ||
|---|---|---|---|
| 005 | 20171212141855.0 | ||
| 008 | 150409s1995 pl a |001 0 pol c | ||
| 020 | _a8385625844 | ||
| 035 | _axx003405608 | ||
| 039 | 9 |
_a201609070227 _bVLOAD _c201609060240 _dVLOAD _c201606301037 _dkopilwa _c201504131316 _dvpski _y201504091346 _zvpski |
|
| 040 |
_aKIEL 008/JK _cKIEL 008/JKs |
||
| 041 | 1 |
_apol _hger |
|
| 100 | 1 | _aHoffbauer, Manfred. | |
| 245 | 1 | 0 |
_adBASE 5 dla Windows : _bwersja polska / _cManfred Hoffbauer, Peter Feil ; z niemieckiego przełożył: Sławomir Osiak. |
| 246 | 3 | 4 | _adBASE 5 dla Windows po polsku w dwudziestu krokach |
| 260 |
_aWarszawa : _bMikom, _c1995. |
||
| 300 |
_a168 s. : _bil. ; _c21 cm. |
||
| 490 | 1 | _aQuickStart | |
| 504 | _aIndeks. | ||
| 650 | _adBASE V (oprogramowanie). | ||
| 700 | 1 | _aFeil, Peter. | |
| 700 | 1 |
_aOsiak, Sławomir. _eTł. |
|
| 710 | 2 |
_aWydawnictwo MIKOM. _4pbl |
|
| 830 | 0 | _aQuickStart | |
| 920 | _a83-85625-84-4 | ||
| 951 | _aKIEL_008 | ||
| 961 | _aWA_310 | ||
| 999 |
_aVIRTUA _c203 _d203 |
||
| 999 | _aVTLSSORT0080*0200*0400*0410*1000*2450*2460*2600*3000*4900*5040*6500*7000*7001*7100*8300*9200*9992 | ||